| 000 | 03104nam a22003617a 4500 | ||
|---|---|---|---|
| 003 | DO-SdBNP | ||
| 005 | 20240409110227.0 | ||
| 007 | ta | ||
| 008 | 220304b2019 dr ac||| |||| 00| 0 spa d | ||
| 020 | _a9789945443622 (serie) | ||
| 020 | _a9789945443622 | ||
| 040 |
_aDO-SdBNP _bspa _cBNPHU |
||
| 082 | 4 |
_aRD860.8 _bC744o, 2019 _222 |
|
| 111 | 2 |
_aConcurso de Arte y Literatura Bancentral _n(22 : _d2018 : _cSanto Domingo, República Dominicana) _975208 |
|
| 245 | 1 | 0 | _aObras premiadas del vigésimo segundo concurso de arte y literatura Bancentral 2018 / |
| 260 |
_aSanto Domingo : _bBanco Central de la República Dominicana, _c2019. |
||
| 300 |
_a179 p. : _bil., retrs. ; _c23 cm. |
||
| 490 | 1 |
_aBanco Central de la República Dominicana ; _v269 ; |
|
| 490 | 1 |
_aObras premiadas ; _v22 ; |
|
| 500 | _aIncluye referencias bibliográficas y notas a pie de las páginas | ||
| 505 | 0 |
_aPresentación -- _tIntroducción -- _tCuento -- _gPrimer premio -- _tInfamia / _rJesús Martín Sacristán-- _gSegundo premio -- _tEl temible moronta / _rDomingo Marte -- _gTercer premio / _tAlfonsina Storni después del mar / _rHemingway Máximo Féliz Baéz-- _gMención de honor -- _tEl gevito del barrio / _rJulio César Valentín Pérez-- _gMención de honor -- _tLos armados 1 / _rWilson Batista Mesa -- _gMención de honor -- _tNo tengo voz / _rRaiza Kelly Gómez-- |
|
| 505 | 0 |
_aPintura -- _gPrimer premio -- _tExquisito manjar / _rRafael Elías Fernández García -- _gSegundo premio -- _tColes de ternura / _rDinorah Baéz de Pérez - _gTercer premio -- _tPaseo por el botánico / _rHilda Andreína Santos de Rosario -- _gMención de honor -- _tCuando cae la tarde / _rFabiano Antonio García Tejada / _gMención de honor -- _t¡Llevo lo maaaango! / _tRafael Elías Fernández García -- _tDibujo -- _gPrimer premio-- _tLa comemango / _r Rafael Elías Fernández García -- _gSegundo premio -- _tLa taza media / _rJovanny del Rio -- _gTercer premio -- _tLirio en el ocaso / _rJuan Elidio Estévez Hurtado -- _gMención de honor -- _tLirio hermoso / _rJuan Elidio Estévez Hurtado -- _gPrimer premio -- _tDanza de músculo y sal / _rDomingo Marte -- |
|
| 505 | 0 |
_aSegundo premio -- _tCerrado / _rTomás Edén García Sandoval -- _gTercer premio -- _tEl mundo a colores de Juampa / _rAmarilis Cueto Cabrera -- _gMención de honor -- _tFlora muerta, fauna escondida / _rArdanys O. González Marcano -- _gMención de honor -- _tMultitarea / _rMelvin Mieses Frías Coplin -- _tGanadores del concurso de Arte y Literatura Bancentral (1995-2018) -- _tMiembros del jurado del concurso de Arte y Literatura Bancentral (1995-2018) -- _tColección bibliografíca del Banco Central de la República Dominicana. |
|
| 590 | _aInventariado, 2022/BT | ||
| 650 | 1 | 4 |
_aCuentos dominicanos _ySiglo xxi _943522 |
| 650 | 1 | 4 |
_aCertámenes literarios _ySiglo xxi _943523 |
| 650 | 1 | 0 |
_aLiteratura dominicana _ySiglo XXI _943524 |
| 650 | 1 | 4 |
_aPremios literarios _ySiglo xxi _943525 |
| 650 | 1 | 4 |
_aArte y literatura _ySiglo xxi _975187 |
| 830 | 0 |
_aBanco Central de la República Dominicana. _v269 _pObras premiadas _n22 _975209 |
|
| 910 | _aValidado. Control de calidad MFF | ||
| 942 |
_2ddc _cLBS1 |
||
| 999 |
_c51428 _d51428 |
||